000 01017nam a22002537a 4500
003 PE SENCICO BE
005 20251020182649.0
008 240111b |||||||| |||| 00| 0 eng d
040 _aPE SENCICO BE
_cPE SENCICO BE
041 _aspa
084 _aI
_aDIS
_a2016
_bS21
100 1 _91870
_aSánchez Martínez, Yuly Licet
_eautor
245 1 _aElementos visuales de diseño /
_cYuly Licet Sánchez Martínez
260 _aLima :
_c2016
300 _a70 h. :
_bil. col.;
_c30 cm.
502 _aMonografía de Titulación.-- Servicio Nacional de Capacitación para la Industria de la Construcción. Escuela Superior Técnica. Carrera Profesional Técnica en Diseño de Interiores, 2016
650 1 0 _944
_aDiseño de interiores
650 2 0 _91811
_aPercepción espacial
650 2 0 _989
_aPercepción visual
650 2 0 _91793
_aColor en el diseño
710 1 _aServicio Nacional de Capacitación para la Industria de la Construcción.
_bEscuela Superior Técnica
_91065
910 _bhfp
_chfp
942 _cMON
999 _c4498
_d4498